[Event "35.Böblinger Open"]
[Site "Böblingen"]
[Date "2018.12.26"]
[Round "1.3"]
[White "Meier, Lukas"]
[Black "Dann, Matthias"]
[Result "0-1"]
[WhiteElo "2154"]
[BlackElo "2539"]
[PlyCount "54"]
[EventDate "2018.12.26"]
[EventType "swiss"]
[EventRounds "9"]
[EventCountry "GER"]
[SourceVersionDate "2018.12.27"]

1. e4 e6 2. d4 d5 3. Nd2 Nc6 4. c3 e5 5. exd5 Qxd5 6. Ngf3 exd4 7. Bc4 Qh5 8.
O-O Bg4 9. Re1+ Be7 10. Qa4 Bd7 11. Qc2 O-O-O 12. cxd4 Nf6 13. Nb3 Bf5 14. Bd3
Bxd3 15. Qxd3 Nb4 16. Qc4 Qd5 17. Qxd5 Nfxd5 18. Re2 Rhe8 19. Bd2 Nd3 20. Bc3
Bd6 21. Rd2 N3f4 22. Kf1 f6 23. g3 Nh3 24. Re1 b6 25. Rd3 g5 26. a3 h5 27. Kg2
Nhf4+ 0-1

[Event "35.Böblinger Open"]
[Site "Böblingen"]
[Date "2018.12.26"]
[Round "1.4"]
[White "Mons, Leon"]
[Black "Seyfried, Claus"]
[Result "1-0"]
[WhiteElo "2535"]
[BlackElo "2146"]
[PlyCount "67"]
[EventDate "2018.12.26"]
[EventType "swiss"]
[EventRounds "9"]
[EventCountry "GER"]
[SourceVersionDate "2018.12.27"]

{[%evp 0,54,19,28,51,27,45,21,22,33,54,35,35,41,41,24,53,46,113,91,135,63,67,
-14,14,-29,-30,-17,-22,-27,-5,-7,-8,-49,-36,-45,-48,-39,-43,-76,-79,-97,-54,
-107,-105,-107,-65,-64,-57,-45,-16,-64,-39,-117,-61,-409,-409]} 1. Nf3 d5 2. b3
c5 3. Bb2 Nc6 4. e3 Nf6 5. Bb5 Bg4 6. c4 a6 7. Ba4 e6 8. h3 Bxf3 9. Qxf3 Be7
10. cxd5 Qxd5 11. Bxc6+ bxc6 12. Nc3 Qxf3 13. gxf3 O-O-O 14. Ke2 Nd5 15. Na4
Nb4 16. Bxg7 Rhg8 17. Bc3 Rg2 18. Bxb4 cxb4 19. Rag1 Rdg8 20. Kf1 R2g6 21. Rg4
h5 22. Rxg6 Rxg6 23. Rg1 Rxg1+ 24. Kxg1 c5 25. Nb6+ Kc7 26. Nc4 Bf6 27. f4 Kc6
28. Kg2 Kd5 29. d3 Be7 30. Kg3 Bf6 31. Nd2 Be7 32. Nf3 Bd8 33. e4+ Kd6 34. Ne5
1-0

[Event "35.Böblinger Open"]
[Site "Böblingen"]
[Date "2018.12.26"]
[Round "1.5"]
[White "Jerie, Sven"]
[Black "Noe, Christopher"]
[Result "0-1"]
[WhiteElo "2140"]
[BlackElo "2430"]
[PlyCount "74"]
[EventDate "2018.12.26"]
[EventType "swiss"]
[EventRounds "9"]
[EventCountry "GER"]
[SourceVersionDate "2018.12.27"]

{[%evp 0,54,19,28,51,27,45,21,22,33,54,35,35,41,41,24,53,46,113,91,135,63,67,
-14,14,-29,-30,-17,-22,-27,-5,-7,-8,-49,-36,-45,-48,-39,-43,-76,-79,-97,-54,
-107,-105,-107,-65,-64,-57,-45,-16,-64,-39,-117,-61,-409,-409]} 1. Nf3 Nf6 2.
g3 d5 3. Bg2 c6 4. O-O Bg4 5. d3 e6 6. Nbd2 Be7 7. c4 O-O 8. b3 Nbd7 9. Bb2 a5
10. a3 Re8 11. h3 Bh5 12. Re1 Bd6 13. Qc2 e5 14. e4 dxe4 15. dxe4 Qb6 16. Bc3
Bc5 17. Nf1 Bxf3 18. Bxf3 Bd4 19. b4 axb4 20. axb4 c5 21. b5 Qe6 22. Bxd4 cxd4
23. Kg2 Nc5 24. Nd2 Qd6 25. Nb3 d3 26. Qd1 Rxa1 27. Nxa1 Qd4 28. Nb3 Nxb3 29.
Qxb3 Nd7 30. Kg1 Ra8 31. Rd1 Nc5 32. Qb1 h6 33. Re1 Ra3 34. b6 d2 35. Re3 Rxe3
36. fxe3 Qxe3+ 37. Kg2 Nd3 0-1

[Event "35.Böblinger Open"]
[Site "Böblingen"]
[Date "2018.12.26"]
[Round "1.8"]
[White "Ochsner, Bjørn Møller"]
[Black "Fodor, Balazs"]
[Result "1-0"]
[WhiteElo "2457"]
[BlackElo "2133"]
[PlyCount "51"]
[EventDate "2018.12.26"]
[EventType "swiss"]
[EventRounds "9"]
[EventCountry "GER"]
[SourceVersionDate "2018.12.27"]

{[%evp 0,54,19,28,51,27,45,21,22,33,54,35,35,41,41,24,53,46,113,91,135,63,67,
-14,14,-29,-30,-17,-22,-27,-5,-7,-8,-49,-36,-45,-48,-39,-43,-76,-79,-97,-54,
-107,-105,-107,-65,-64,-57,-45,-16,-64,-39,-117,-61,-409,-409]} 1. e4 e6 2. d4
d5 3. Nd2 Nc6 4. Ngf3 Nf6 5. e5 Nd7 6. c3 f6 7. exf6 Qxf6 8. Bb5 Bd6 9. O-O O-O
10. Qb3 Qf7 11. c4 Na5 12. Qc3 Nxc4 13. Bxc4 dxc4 14. Nxc4 Nb6 15. Nxd6 cxd6
16. Qa3 Qc7 17. Ng5 Qc6 18. Qd3 Rf5 19. h4 Qc4 20. Qxc4 Nxc4 21. b3 Nb6 22. Re1
e5 23. dxe5 Rxe5 24. Bb2 Bd7 25. Bxe5 dxe5 26. Nf3 1-0

[Event "35.Böblinger Open"]
[Site "Böblingen"]
[Date "2018.12.26"]
[Round "1.9"]
[White "Gabriel, Josef"]
[Black "Carow, Johannes"]
[Result "0-1"]
[WhiteElo "2130"]
[BlackElo "2439"]
[PlyCount "49"]
[EventDate "2018.12.26"]
[EventType "swiss"]
[EventRounds "9"]
[EventCountry "GER"]
[SourceVersionDate "2018.12.27"]

{[%evp 0,54,19,28,51,27,45,21,22,33,54,35,35,41,41,24,53,46,113,91,135,63,67,
-14,14,-29,-30,-17,-22,-27,-5,-7,-8,-49,-36,-45,-48,-39,-43,-76,-79,-97,-54,
-107,-105,-107,-65,-64,-57,-45,-16,-64,-39,-117,-61,-409,-409]} 1. e4 c5 2. Nf3
Nc6 3. d4 cxd4 4. Nxd4 Qb6 5. Nb5 Nf6 6. Be3 Qd8 7. N1c3 a6 8. Nd4 e5 9. Nxc6
bxc6 10. Bc4 d6 11. h3 Be6 12. Bb3 Be7 13. O-O O-O 14. Qe2 Re8 15. Rfd1 a5 16.
Qf3 Rb8 17. Rd2 Qc7 18. Rad1 Rb4 19. Bg5 Rd8 20. Bxf6 Bxf6 21. Bxe6 fxe6 22. b3
Be7 23. Na4 Rf8 24. Qg4 Rf6 25. Qe2 {Rest unleserlich 0-1 (53.)} 0-1

[Event "35.Böblinger Open"]
[Site "Böblingen"]
[Date "2018.12.26"]
[Round "1.11"]
[White "Schröter, Samuel"]
[Black "Krause, Benedict"]
[Result "1-0"]
[WhiteElo "2119"]
[BlackElo "2430"]
[PlyCount "103"]
[EventDate "2018.12.26"]
[EventType "swiss"]
[EventRounds "9"]
[EventCountry "GER"]
[SourceVersionDate "2018.12.27"]

{[%evp 0,54,19,28,51,27,45,21,22,33,54,35,35,41,41,24,53,46,113,91,135,63,67,
-14,14,-29,-30,-17,-22,-27,-5,-7,-8,-49,-36,-45,-48,-39,-43,-76,-79,-97,-54,
-107,-105,-107,-65,-64,-57,-45,-16,-64,-39,-117,-61,-409,-409]} 1. c4 g6 2. Nc3
c5 3. Nf3 Bg7 4. g3 Nc6 5. Bg2 e6 6. d3 Nge7 7. O-O O-O 8. Rb1 d5 9. cxd5 exd5
10. e4 dxe4 11. dxe4 Be6 12. Qa4 Nd4 13. Be3 a6 14. Ng5 Bd7 15. Qd1 Nec6 16. f4
h6 17. Nh3 f5 18. e5 Be6 19. Qd2 Qa5 20. Qf2 Rfd8 21. Rfd1 Bf8 22. Qf1 Rac8 23.
Kh1 b5 24. a3 Qb6 25. Qf2 c4 26. Ng1 Bc5 27. g4 Ne7 28. Qh4 fxg4 29. Bxd4 Rxd4
30. Rxd4 Nf5 31. Qf6 Bxd4 32. Qxg6+ Ng7 33. Be4 Bf7 34. Qh7+ Kf8 35. Qh8+ Bg8
36. Bd5 Ne6 37. Qxh6+ Ke8 38. Qh5+ Bf7 39. Qxg4 Bxc3 40. bxc3 Rd8 41. Bg2 Qe3
42. f5 Nf4 43. e6 Rd2 44. Bc6+ Kf8 45. exf7 Kxf7 46. Rf1 Rf2 47. Rxf2 Qxf2 48.
Qg3 Qd2 49. h4 Nd3 50. Qg6+ Ke7 51. Qe6+ Kf8 52. Qf6+ 1-0

[Event "35.Böblinger Open"]
[Site "Böblingen"]
[Date "2018.12.27"]
[Round "2.1"]
[White "Ma, Qun"]
[Black "Schmitz, Thorsten"]
[Result "1-0"]
[WhiteElo "2620"]
[BlackElo "2288"]
[PlyCount "81"]
[EventDate "2018.12.26"]
[EventType "swiss"]
[EventRounds "9"]
[EventCountry "GER"]
[SourceVersionDate "2018.12.27"]

{[%evp 0,54,19,28,51,27,45,21,22,33,54,35,35,41,41,24,53,46,113,91,135,63,67,
-14,14,-29,-30,-17,-22,-27,-5,-7,-8,-49,-36,-45,-48,-39,-43,-76,-79,-97,-54,
-107,-105,-107,-65,-64,-57,-45,-16,-64,-39,-117,-61,-409,-409]} 1. e4 e5 2. Nf3
d6 3. d4 exd4 4. Nxd4 Nf6 5. Nc3 Be7 6. g3 O-O 7. Bg2 Re8 8. O-O c6 9. Re1 Bf8
10. h3 Nbd7 11. g4 g6 12. Bg5 Be7 13. Bh6 Nc5 14. Qd2 Nfd7 15. Rad1 Nb6 16. b3
Ne6 17. Be3 Nxd4 18. Bxd4 Be6 19. f4 f6 20. Qf2 Nd7 21. Ne2 Bf7 22. Ng3 Qc7 23.
Re2 b6 24. Rde1 Rad8 25. h4 Nf8 26. g5 fxg5 27. hxg5 d5 28. exd5 Bxd5 29. Bxd5+
cxd5 30. Qf3 Qd7 31. Kg2 Rc8 32. c3 b5 33. f5 Bxg5 34. Rxe8 Rxe8 35. Rxe8 Qxe8
36. Qxd5+ Qf7 37. Qe5 Qb7+ 38. Kf2 Bh6 39. Ne4 Bg7 40. f6 Bh6 41. Nd6 1-0

[Event "35.Böblinger Open"]
[Site "Böblingen"]
[Date "2018.12.27"]
[Round "2.4"]
[White "Karsay, Pascal"]
[Black "Mons, Leon"]
[Result "0-1"]
[WhiteElo "2278"]
[BlackElo "2535"]
[PlyCount "120"]
[EventDate "2018.12.26"]
[EventType "swiss"]
[EventRounds "9"]
[EventCountry "GER"]
[SourceVersionDate "2018.12.27"]

{[%evp 0,54,19,28,51,27,45,21,22,33,54,35,35,41,41,24,53,46,113,91,135,63,67,
-14,14,-29,-30,-17,-22,-27,-5,-7,-8,-49,-36,-45,-48,-39,-43,-76,-79,-97,-54,
-107,-105,-107,-65,-64,-57,-45,-16,-64,-39,-117,-61,-409,-409]} 1. Nf3 d5 2. g3
Bg4 3. Bg2 c6 4. O-O Nd7 5. h3 Bxf3 6. exf3 g6 7. f4 Bg7 8. d4 e6 9. c3 Ne7 10.
Nd2 O-O 11. Nf3 a5 12. Be3 a4 13. Qe2 Nf5 14. Rac1 Nd6 15. Rfd1 Qa5 16. Ne5 Nf6
17. Rc2 Nfe4 18. Rdc1 Qa6 19. Qxa6 Rxa6 20. Bf1 b5 21. Nd3 Rc8 22. Kg2 Nc4 23.
a3 Bf8 24. Rd1 Ra7 25. Be2 Ned6 26. Kf3 f6 27. Bf1 h6 28. h4 h5 29. Bh3 Nf5 30.
Re2 Bd6 31. Rde1 Kf7 32. Bc1 Re7 33. Be3 Bc7 34. Bc1 Bb6 35. Be3 Rce8 36. Bc1
Na5 37. Be3 Nd6 38. Bc1 Ndc4 39. Kg2 Nb3 40. Be3 Bc7 41. Kg1 Bd6 42. Bc1 e5 43.
fxe5 fxe5 44. Bg5 exd4 45. Bxe7 Rxe7 46. Rxe7+ Bxe7 47. cxd4 Nxd4 48. Bg2 Bf6
49. f4 Nc2 50. Re2 Bd4+ 51. Kh2 N2e3 52. Bh3 Ke7 53. f5 gxf5 54. Bxf5 Kd6 55.
Bg6 Nd1 56. Bxh5 Ndxb2 57. Nxb2 Bxb2 58. Bg6 Bxa3 59. h5 Bc1 60. Bc2 Ne5 0-1

[Event "35.Böblinger Open"]
[Site "Böblingen"]
[Date "2018.12.27"]
[Round "2.5"]
[White "Noe, Christopher"]
[Black "Nazarenus, Moritz"]
[Result "0-1"]
[WhiteElo "2532"]
[BlackElo "2270"]
[PlyCount "105"]
[EventDate "2018.12.26"]
[EventType "swiss"]
[EventRounds "9"]
[EventCountry "GER"]
[SourceVersionDate "2018.12.27"]

{[%evp 0,54,19,28,51,27,45,21,22,33,54,35,35,41,41,24,53,46,113,91,135,63,67,
-14,14,-29,-30,-17,-22,-27,-5,-7,-8,-49,-36,-45,-48,-39,-43,-76,-79,-97,-54,
-107,-105,-107,-65,-64,-57,-45,-16,-64,-39,-117,-61,-409,-409]} 1. d4 d5 2. c4
c6 3. Nc3 e6 4. Nf3 f5 5. Bf4 Nf6 6. e3 Be7 7. Bd3 O-O 8. h3 b6 9. O-O Ne4 10.
Rc1 Bb7 11. Ne5 Nd7 12. cxd5 Nxe5 13. Bxe5 exd5 14. f3 Nxc3 15. Rxc3 Bd6 16. f4
Qd7 17. Qc2 g6 18. Rc1 Rfe8 19. Qa4 a6 20. Qb3 b5 21. e4 fxe4 22. Bxe4 Bxe5 23.
fxe5 Qe6 24. Rxc6 Bxc6 25. Rxc6 Qe7 26. Bxd5+ Kh8 27. Re6 Qh4 28. Bxa8 Qxd4+
29. Kh2 Rxa8 30. Qf3 Qd8 31. Rd6 Qf8 32. Qxf8+ Rxf8 33. Rxa6 Rf2 34. b4 Rb2 35.
a3 Rb3 36. Ra8+ Kg7 37. Ra7+ Kg8 38. e6 Kf8 39. Rxh7 Rxa3 40. Rb7 Re3 41. Rxb5
Rxe6 42. Rb7 Re3 43. b5 Rb3 44. b6 Kg8 45. Kg1 Rb2 46. Kf1 g5 47. Ke1 Kf8 48.
Kd1 Ke8 49. Kc1 Rb5 50. Kd2 Kd8 51. Rg7 Rb2+ 52. Ke3 Rxg2 53. Rg8+ 0-1

[Event "35.Böblinger Open"]
[Site "Böblingen"]
[Date "2018.12.27"]
[Round "2.10"]
[White "Schmücker, Marcus"]
[Black "Mu, Ke"]
[Result "0-1"]
[WhiteElo "2249"]
[BlackElo "2431"]
[PlyCount "74"]
[EventDate "2018.12.26"]
[EventType "swiss"]
[EventRounds "9"]
[EventCountry "GER"]
[SourceVersionDate "2018.12.27"]

{[%evp 0,54,19,28,51,27,45,21,22,33,54,35,35,41,41,24,53,46,113,91,135,63,67,
-14,14,-29,-30,-17,-22,-27,-5,-7,-8,-49,-36,-45,-48,-39,-43,-76,-79,-97,-54,
-107,-105,-107,-65,-64,-57,-45,-16,-64,-39,-117,-61,-409,-409]} 1. d4 Nf6 2. c4
e6 3. Nc3 d5 4. cxd5 exd5 5. Bg5 Be7 6. e3 c6 7. Bd3 Nbd7 8. h3 O-O 9. Qc2 Re8
10. Bf4 Nf8 11. Nf3 Ng6 12. Bh2 Bd6 13. Bxd6 Qxd6 14. O-O-O Bd7 15. Kb1 b5 16.
g4 Rab8 17. g5 b4 18. Na4 Ne4 19. Bxe4 dxe4 20. Nd2 Qd5 21. h4 Be6 22. b3 Qf5
23. Rdf1 Qg4 24. Kb2 Bd5 25. Rfg1 Qe2 26. Nc4 Bxc4 27. bxc4 Qf3 28. h5 Nf4 29.
Nc5 Ne2 30. Rf1 Nc3 31. h6 g6 32. Rh4 Qg2 33. Rfh1 Qxg5 34. Nxe4 Rxe4 35. Rxe4
Qa5 36. Ka1 Nxe4 37. Rb1 Qf5 0-1

[Event "35.Böblinger Open"]
[Site "Böblingen"]
[Date "2018.12.27"]
[Round "2.15"]
[White "Light, Bjarne"]
[Black "Gschnitzer, Adrian"]
[Result "0-1"]
[WhiteElo "2195"]
[BlackElo "2374"]
[PlyCount "72"]
[EventDate "2018.12.26"]
[EventType "swiss"]
[EventRounds "9"]
[EventCountry "GER"]
[SourceVersionDate "2018.12.27"]

{[%evp 0,54,19,28,51,27,45,21,22,33,54,35,35,41,41,24,53,46,113,91,135,63,67,
-14,14,-29,-30,-17,-22,-27,-5,-7,-8,-49,-36,-45,-48,-39,-43,-76,-79,-97,-54,
-107,-105,-107,-65,-64,-57,-45,-16,-64,-39,-117,-61,-409,-409]} 1. c4 c5 2. g3
Nf6 3. Bg2 Nc6 4. Nc3 g6 5. a3 Bg7 6. Rb1 a5 7. e4 d6 8. Nge2 Ne5 9. d4 cxd4
10. Nxd4 Bd7 11. b3 a4 12. Nxa4 Bxa4 13. bxa4 Qa5+ 14. Rb4 O-O 15. O-O Rfc8 16.
Qe2 Qa6 17. Nb5 Nc6 18. Rb1 Qxa4 19. c5 dxc5 20. e5 Ne8 21. f4 Nc7 22. Be3 c4
23. Nd4 Nxd4 24. Bxd4 Nb5 25. Ba1 Nxa3 26. Rxb7 Ra7 27. Bd4 Rxb7 28. Bxb7 Rc7
29. Bf3 e6 30. g4 c3 31. Bb6 Rc8 32. Be3 Qa5 33. Ra1 Bf8 34. Bc1 c2 35. Be4 Rd8
36. Bxa3 Qxa3 0-1

[Event "35.Böblinger Open"]
[Site "Böblingen"]
[Date "2018.12.27"]
[Round "2.25"]
[White "Junesch, Gerhard"]
[Black "Schröter, Samuel"]
[Result "1/2-1/2"]
[WhiteElo "2307"]
[BlackElo "2119"]
[PlyCount "77"]
[EventDate "2018.12.26"]
[EventType "swiss"]
[EventRounds "9"]
[EventCountry "GER"]
[SourceVersionDate "2018.12.27"]

{[%evp 0,54,19,28,51,27,45,21,22,33,54,35,35,41,41,24,53,46,113,91,135,63,67,
-14,14,-29,-30,-17,-22,-27,-5,-7,-8,-49,-36,-45,-48,-39,-43,-76,-79,-97,-54,
-107,-105,-107,-65,-64,-57,-45,-16,-64,-39,-117,-61,-409,-409]} 1. Nf3 g6 2. e4
Bg7 3. d4 c5 4. c4 Nc6 5. dxc5 Qa5+ 6. Bd2 Qxc5 7. Bc3 Nf6 8. Nbd2 d6 9. h3 O-O
10. Bd3 e5 11. O-O Nh5 12. Re1 Nf4 13. Bf1 Qb6 14. Nb1 Nd4 15. Na3 Nxf3+ 16.
Qxf3 f5 17. Qe3 Qd8 18. c5 fxe4 19. cxd6 Bf5 20. Nc4 Nd5 21. Qg3 Nxc3 22. bxc3
b5 23. Ne3 Qxd6 24. Bxb5 Qc5 25. c4 Bh6 26. Rad1 a6 27. Bd7 Bxe3 28. fxe3 Bxd7
29. Rxd7 Rad8 30. Red1 Rxd7 31. Rxd7 Qc6 32. Re7 Rf5 33. Rxe5 Rxe5 34. Qxe5
Qxc4 35. Qb8+ Kg7 36. Qb7+ Kh6 37. Qb3 Qc1+ 38. Kh2 Qd2 39. a3 1/2-1/2

[Event "35.Böblinger Open"]
[Site "Böblingen"]
[Date "2018.12.28"]
[Round "3.1"]
[White "Gschnitzer, Adrian"]
[Black "Ma, Qun"]
[Result "0-1"]
[WhiteElo "2374"]
[BlackElo "2620"]
[PlyCount "130"]
[EventDate "2018.12.26"]
[EventType "swiss"]
[EventRounds "9"]
[EventCountry "GER"]
[SourceVersionDate "2018.12.27"]

{[%evp 0,54,19,28,51,27,45,21,22,33,54,35,35,41,41,24,53,46,113,91,135,63,67,
-14,14,-29,-30,-17,-22,-27,-5,-7,-8,-49,-36,-45,-48,-39,-43,-76,-79,-97,-54,
-107,-105,-107,-65,-64,-57,-45,-16,-64,-39,-117,-61,-409,-409]} 1. e4 d5 2.
exd5 Qxd5 3. Nc3 Qd6 4. d4 Nf6 5. Nf3 c6 6. Ne5 Nbd7 7. Nc4 Qc7 8. g3 Nb6 9.
Ne5 Be6 10. Bg2 g6 11. O-O Bg7 12. Re1 O-O 13. Bf4 Qc8 14. Qe2 a5 15. a4 Rd8
16. Rad1 Nfd5 17. Nxd5 Bxd5 18. b3 Bxg2 19. Kxg2 Nd5 20. Qf3 Nxf4+ 21. Qxf4 Qf5
22. Qxf5 gxf5 23. f4 e6 24. Kf3 Rd5 25. Ke3 Rad8 26. Rd3 Kf8 27. Red1 Ke7 28.
c4 R5d6 29. c5 Bxe5 30. cxd6+ Bxd6 31. h3 h5 32. Kf3 Rh8 33. Rh1 Bb4 34. Rdd1
Rg8 35. Rhg1 Rh8 36. Rh1 Rg8 37. Rhg1 Rh8 38. g4 hxg4+ 39. hxg4 Rh3+ 40. Rg3
fxg4+ 41. Kxg4 Rh2 42. f5 Bd6 43. Re3 Rf2 44. fxe6 f5+ 45. Kh4 Bf4 46. Rc3 Kxe6
47. Rh1 Bd6 48. Kh5 Rg2 49. Rcc1 Rg3 50. Rcg1 Rxb3 51. Rg6+ Kd5 52. Kg5 b5 53.
Kxf5 Rf3+ 54. Kg5 Rg3+ 55. Kf5 Rxg6 56. Kxg6 bxa4 57. Rh5+ Kxd4 58. Rh4+ Kd3
59. Rxa4 Bb4 60. Kf5 c5 61. Ra1 c4 62. Rh1 c3 63. Rh3+ Kc4 64. Rh1 c2 65. Ke4
Ba3 0-1

[Event "35.Böblinger Open"]
[Site "Böblingen"]
[Date "2018.12.28"]
[Round "3.2"]
[White "Andersen, Mads"]
[Black "Höfelsauer, Thomas"]
[Result "1-0"]
[WhiteElo "2605"]
[BlackElo "2370"]
[PlyCount "83"]
[EventDate "2018.12.26"]
[EventType "swiss"]
[EventRounds "9"]
[EventCountry "GER"]
[SourceVersionDate "2018.12.27"]

{[%evp 0,54,21,23,44,44,39,33,30,30,55,17,17,29,29,32,42,42,80,80,103,99,51,38,
29,0,0,-20,-29,-53,-12,-25,-12,-59,-46,-49,-51,-42,-43,-84,-69,-69,-48,-87,-88,
-89,-63,-58,-34,-31,-16,-75,-40,-61,-44,-409,-409]} 1. Nf3 d5 2. g3 Nf6 3. Bg2
c6 4. c4 Bf5 5. O-O e6 6. cxd5 exd5 7. d3 Na6 8. a3 Be7 9. b4 Nc7 10. Nbd2 O-O
11. Nd4 Bg6 12. N2b3 Ne6 13. Bb2 Nxd4 14. Bxd4 Ne8 15. e4 dxe4 16. dxe4 Nd6 17.
Qe2 Re8 18. Rad1 f6 19. Rfe1 Bf7 20. Qc2 Qc8 21. f4 Nc4 22. Qc1 a5 23. Bf1 Nxa3
24. Qxa3 Bxb4 25. Qb2 Bxe1 26. Rxe1 a4 27. Nc5 a3 28. Qb4 b5 29. e5 fxe5 30.
fxe5 Bd5 31. e6 a2 32. Ba1 Qc7 33. Re3 Qe7 34. Bd3 Ra4 35. Qc3 b4 36. Qe5 Ra7
37. Qh5 g6 38. Bxg6 Qxc5 39. Bf7+ Kf8 40. Qh6+ Ke7 41. Bf6+ Kd6 42. Qf4# 1-0

[Event "35.Böblinger Open"]
[Site "Böblingen"]
[Date "2018.12.28"]
[Round "3.7"]
[White "Ochsner, Bjørn Møller"]
[Black "Zhang, Xiaopeng"]
[Result "1-0"]
[WhiteElo "2457"]
[BlackElo "2299"]
[PlyCount "85"]
[EventDate "2018.12.26"]
[EventType "swiss"]
[EventRounds "9"]
[EventCountry "GER"]
[SourceVersionDate "2018.12.27"]

{[%evp 0,54,21,23,44,44,39,33,30,30,55,17,17,29,29,32,42,42,80,80,103,99,51,38,
29,0,0,-20,-29,-53,-12,-25,-12,-59,-46,-49,-51,-42,-43,-84,-69,-69,-48,-87,-88,
-89,-63,-58,-34,-31,-16,-75,-40,-61,-44,-409,-409]} 1. e4 c5 2. Nf3 d6 3. Bb5+
Bd7 4. Bxd7+ Qxd7 5. c4 Nf6 6. Nc3 g6 7. d4 cxd4 8. Nxd4 Bg7 9. f3 Nc6 10. Be3
O-O 11. O-O a6 12. a4 e6 13. Nxc6 Qxc6 14. Qd3 Rfd8 15. Rfd1 h5 16. Rac1 Kh7
17. Rc2 Rac8 18. Rcd2 Rd7 19. b3 Bh6 20. Bxh6 Kxh6 21. Qd4 Kg7 22. Rd3 Rcd8 23.
Qe3 Qc5 24. Rd4 h4 25. Ne2 b5 26. cxb5 axb5 27. b4 Qe5 28. a5 d5 29. Nc3 h3 30.
f4 Qh5 31. exd5 hxg2 32. Qe5 Qxe5 33. fxe5 Nxd5 34. Nxb5 Rb8 35. Nd6 f6 36.
exf6+ Kxf6 37. Ne4+ Ke5 38. Nc5 Ra7 39. a6 Rxb4 40. Rxd5+ exd5 41. Nd3+ Kd4 42.
Nxb4+ Kc4 43. Nxd5 1-0

[Event "35.Böblinger Open"]
[Site "Böblingen"]
[Date "2018.12.28"]
[Round "3.9"]
[White "Dobrikov, Marco"]
[Black "Stets, Dmitry"]
[Result "0-1"]
[WhiteElo "2247"]
[BlackElo "2374"]
[PlyCount "39"]
[EventDate "2018.12.26"]
[EventType "swiss"]
[EventRounds "9"]
[EventCountry "GER"]
[SourceVersionDate "2018.12.27"]

{[%evp 0,54,19,28,51,27,45,21,22,33,54,35,35,41,41,24,53,46,113,91,135,63,67,
-14,14,-29,-30,-17,-22,-27,-5,-7,-8,-49,-36,-45,-48,-39,-43,-76,-79,-97,-54,
-107,-105,-107,-65,-64,-57,-45,-16,-64,-39,-117,-61,-409,-409]} 1. e4 c5 2. Nf3
d6 3. d4 cxd4 4. Nxd4 Nf6 5. Nc3 g6 6. Be3 Bg7 7. f3 O-O 8. Qd2 Nc6 9. O-O-O d5
10. exd5 Nxd5 11. Nxc6 bxc6 12. Bd4 e5 13. Bc5 Be6 14. Ne4 Rb8 15. h4 Qc7 16.
Ng5 e4 17. c3 Qa5 18. Bxf8 Qxa2 19. Ba3 Qa1+ 20. Kc2 0-1

[Event "35.Böblinger Open"]
[Site "Böblingen"]
[Date "2018.12.28"]
[Round "3.10"]
[White "Dann, Matthias"]
[Black "Schmitt, Thomas"]
[Result "1-0"]
[WhiteElo "2539"]
[BlackElo "2162"]
[PlyCount "101"]
[EventDate "2018.12.26"]
[EventType "swiss"]
[EventRounds "9"]
[EventCountry "GER"]
[SourceVersionDate "2018.12.27"]

{[%evp 0,54,19,28,51,27,45,21,22,33,54,35,35,41,41,24,53,46,113,91,135,63,67,
-14,14,-29,-30,-17,-22,-27,-5,-7,-8,-49,-36,-45,-48,-39,-43,-76,-79,-97,-54,
-107,-105,-107,-65,-64,-57,-45,-16,-64,-39,-117,-61,-409,-409]} 1. d4 Nf6 2. g3
g6 3. Bg2 d5 4. Nf3 Bg7 5. O-O O-O 6. b3 c5 7. Bb2 Ne4 8. c3 Nc6 9. Nbd2 e6 10.
c4 b6 11. Nxe4 dxe4 12. Ne5 Nxe5 13. dxe5 Qxd1 14. Rfxd1 Bb7 15. Rd7 Rab8 16.
h4 Rfc8 17. Kh2 h5 18. g4 hxg4 19. Kg3 Kf8 20. Bc3 Rd8 21. Rad1 Ke8 22. Rxd8+
Rxd8 23. Rxd8+ Kxd8 24. Kxg4 a5 25. f4 exf3 26. Bxf3 Bxf3+ 27. Kxf3 Ke8 28. Ke4
Bf8 29. Be1 Be7 30. Kf4 Kf8 31. Kg4 Kg7 32. Bg3 g5 33. h5 Kh6 34. Be1 Bd8 35.
Bc3 Be7 36. e4 Bd8 37. Bd2 Be7 38. a3 Bd8 39. b4 cxb4 40. axb4 a4 41. Bc1 Be7
42. Ba3 Bd8 43. c5 bxc5 44. bxc5 Bc7 45. Bb2 a3 46. Bxa3 Bxe5 47. c6 Bc7 48.
Bf8+ Kh7 49. Be7 f5+ 50. exf5 exf5+ 51. Kxf5 1-0

[Event "35.Böblinger Open"]
[Site "Böblingen"]
[Date "2018.12.28"]
[Round "3.12"]
[White "Rosner, Jonas"]
[Black "Szabolcsi, Janos"]
[Result "1-0"]
[WhiteElo "2424"]
[BlackElo "2286"]
[PlyCount "73"]
[EventDate "2018.12.26"]
[EventType "swiss"]
[EventRounds "9"]
[EventCountry "GER"]
[SourceVersionDate "2018.12.27"]

{[%evp 0,54,19,28,51,27,45,21,22,33,54,35,35,41,41,24,53,46,113,91,135,63,67,
-14,14,-29,-30,-17,-22,-27,-5,-7,-8,-49,-36,-45,-48,-39,-43,-76,-79,-97,-54,
-107,-105,-107,-65,-64,-57,-45,-16,-64,-39,-117,-61,-409,-409]} 1. e4 c6 2. d4
d5 3. Nd2 dxe4 4. Nxe4 Nd7 5. Ng5 h6 6. Ne6 Qa5+ 7. Bd2 Qb6 8. Bd3 Ngf6 9. Nf3
fxe6 10. Bg6+ Kd8 11. O-O a5 12. c4 Qa7 13. Re1 b6 14. Bf4 Ba6 15. b3 Rc8 16.
Qc2 Rc7 17. Rxe6 Kc8 18. Rae1 Kb7 19. Bxc7 Kxc7 20. d5 c5 21. Nh4 Kd8 22. Nf5
Qb8 23. d6 exd6 24. Re8+ Nxe8 25. Rxe8+ Kc7 26. Rxb8 Kxb8 27. Qe2 Nf6 28. Qe6
Bc8 29. Qf7 Nd7 30. f4 Kc7 31. Nxg7 Bxg7 32. Qxg7 Rf8 33. Qxh6 Bb7 34. h4 Rf6
35. h5 d5 36. f5 dxc4 37. Qf4+ 1-0

[Event "35.Böblinger Open"]
[Site "Böblingen"]
[Date "2018.12.28"]
[Round "3.16"]
[White "Zuferi, Enis"]
[Black "Wilhelm, Till"]
[Result "1-0"]
[WhiteElo "2349"]
[BlackElo "2225"]
[PlyCount "63"]
[EventDate "2018.12.26"]
[EventType "swiss"]
[EventRounds "9"]
[EventCountry "GER"]
[SourceVersionDate "2018.12.27"]

{[%evp 0,54,19,28,51,27,45,21,22,33,54,35,35,41,41,24,53,46,113,91,135,63,67,
-14,14,-29,-30,-17,-22,-27,-5,-7,-8,-49,-36,-45,-48,-39,-43,-76,-79,-97,-54,
-107,-105,-107,-65,-64,-57,-45,-16,-64,-39,-117,-61,-409,-409]} 1. d4 Nf6 2.
Nf3 g6 3. c4 Bg7 4. Nc3 O-O 5. e4 d6 6. Be2 Na6 7. Bf4 Nd7 8. Qd2 e5 9. Bh6
exd4 10. Nxd4 Bxh6 11. Qxh6 Qf6 12. O-O-O Ndc5 13. h4 Ne6 14. Nf5 Qe5 15. Nd5
Re8 16. g3 Ng7 17. f4 Nxf5 18. exf5 Qg7 19. Qxg7+ Kxg7 20. f6+ Kf8 21. h5 g5
22. Bd3 Bg4 23. Bxh7 Bxd1 24. Kxd1 c6 25. Ne7 gxf4 26. gxf4 Rxe7 27. Rg1 Ke8
28. Rg8+ Kd7 29. Bf5+ Kc7 30. Rxa8 Re3 31. Rc8+ Kb6 32. h6 1-0